000 01036nmc a2200361 a 4500
003 AR-BaBNM
005 20251128210851.0
008 301020s1999 ||||||||||||||000 | spa||
020 _a950-07-1626-7
040 _cAR-BaBNM
100 1 _aGravelle, Karen
245 1 0 _a¡S.O.S.! hablemos de sexo, soy un adolescente
_brespuestas fáciles a preguntas difíciles
260 _aBuenos Aires
_bSudamericana
_c1999
300 0 _a159 p.
_bil.
490 0 _aSudamericana joven
500 0 _aContiene referencias bibliográficas
650 4 _aEDUCACION SEXUAL
650 4 _aADOLESCENTES
650 4 _aCOMPORTAMIENTO SEXUAL
650 4 _aANTICONCEPCION
650 4 _aENFERMEDADES INFECCIOSAS
650 4 _aRELACIONES HUMANAS
650 4 _aEMBARAZO
650 4 _aMENSTRUACION
650 4 _aSEXUALIDAD
700 1 _aCastro, Nick
700 1 _aCastro, Chava
700 1 _aVera, Mariana
_etraductor
700 1 _aPorro, Magdalena
_etraductor
700 1 _aLeighton, Robert
_eilustrador
942 _cBK
998 _cRAQUEL
999 _c17229
_d17229